India through the ages / (Record no. 134952)

MARC details
000 -LEADER
fixed length control field 00781nam a22002537a 4500
003 - CONTROL NUMBER IDENTIFIER
control field dpl
005 - DATE AND TIME OF LATEST TRANSACTION
control field 20190221122848.0
008 - FIXED-LENGTH DATA ELEMENTS--GENERAL INFORMATION
fixed length control field 180522b xxu||||| |||| 00| 0 eng d
010 ## - LIBRARY OF CONGRESS CONTROL NUMBER
LC control number B-229159, B-229183, B-229184
020 ## - INTERNATIONAL STANDARD BOOK NUMBER
Terms of availability 395.00
International Standard Book Number 8189738003
035 ## - SYSTEM CONTROL NUMBER
System control number B-229159, B-229163, B-229184, B-229185
037 ## - SOURCE OF ACQUISITION
Source of stock number/acquisition Cen Lib/Ret
040 ## - CATALOGING SOURCE
Original cataloging agency DPL
Language of cataloging EN
Transcribing agency 0
082 ## - DEWEY DECIMAL CLASSIFICATION NUMBER
Classification number 954
Item number GUP
100 ## - MAIN ENTRY--PERSONAL NAME
Personal name Gupta, Bharat Bhushan
9 (RLIN) 4576
245 ## - TITLE STATEMENT
Title India through the ages /
Statement of responsibility, etc by Bharat Bhushan Gupta
246 ## - VARYING FORM OF TITLE
Remainder of title
260 ## - PUBLICATION, DISTRIBUTION, ETC. (IMPRINT)
Name of publisher, distributor, etc Niyogi Offset
Date of publication, distribution, etc 2006
Place of publication, distribution, etc New Delhi
270 ## - ADDRESS
Address D-78, Okhla Industrial ARea, Phase-I
City New Delhi
Postal code 110020
300 ## - PHYSICAL DESCRIPTION
Extent 414p. :
Dimensions 22cm(Hb)
Other physical details col.ill.
650 ## - SUBJECT ADDED ENTRY--TOPICAL TERM
Topical term or geographic name as entry element India
9 (RLIN) 42237
650 ## - SUBJECT ADDED ENTRY--TOPICAL TERM
Topical term or geographic name as entry element Indian story
9 (RLIN) 42238
942 ## - ADDED ENTRY ELEMENTS (KOHA)
Source of classification or shelving scheme Dewey Decimal Classification
Koha item type English Books
Classification part 954
Call number suffix GUP
Holdings
Withdrawn status Lost status Damaged status Not for loan Home library Current library Date acquired Source of acquisition Cost, normal purchase price Total Checkouts Full call number Barcode Date last seen Copy number Cost, replacement price Price effective from Koha item type Public note Source of classification or shelving scheme Collection code Total Renewals Checked out Date checked out
        Central Library Central Library 01/08/2015 Cen Lib/Ret 395.00   954 GUP B-229159 01/08/2015 1 395.00 01/08/2015 English Books Legal Case (Register 2019)          
        Patel Nagar Patel Nagar 30/06/2018 BPPD/Pub 395.00 4 954 GUP B-229163 31/07/2019 1 395.00 30/06/2018 English Books   Dewey Decimal Classification Non-fiction 4   13/07/2019
        Sarojini Nagar Sarojini Nagar 16/02/2019     2 954 GUP B-229169 18/01/2021     16/02/2019 English Books   Dewey Decimal Classification Non-fiction     06/01/2021
        Shahdara Branch Shahdara Branch 22/05/2018 BPPD/PUB 395.00 6 954 GUP B-229183 24/04/2026   395.00 22/05/2018 English Books   Dewey Decimal Classification Non-fiction 5 08/05/2026 24/04/2026
        Vigyan Vihar Vigyan Vihar 21/02/2019 BPPD/PUB 395.00   954 GUP B-229185 21/02/2019   395.00 21/02/2019 English Books   Dewey Decimal Classification Non-fiction      
        Yojana Vihar Yojana Vihar 10/11/2018 BPPD/PUB 395.00   954 GUP B-229184 10/11/2018   395.00 10/11/2018 English Books   Dewey Decimal Classification Non-fiction      

© Delhi Public Library
Hit Counter
free hit counter